Похищенный | Катриона (Запись № 5810409)

Подробности
000 -МАРКЕР
контрольное поле 01847nam0a22003491 4500
001 - ИДЕНТИФИКАТОР ЗАПИСИ
контрольное поле rc\2856002
005 - ИДЕНТИФИКАТОР ВЕРСИИ
контрольное поле 20250529205500.0
035 ## - ДРУГИЕ СИСТЕМНЫЕ НОМЕРА
Идентификатор записи (NLR Aleph) 007010595
100 ## - ДАННЫЕ ОБЩЕЙ ОБРАБОТКИ
Данные общей обработки 20110707d1930 |||y0rusy50 ca
101 1# - ЯЗЫК РЕСУРСА
Язык текста, звукозаписи и т.д. русский
Язык оригинала английский
102 ## - СТРАНА ПУБЛИКАЦИИ ИЛИ ПРОИЗВОДСТВА
Страна публикации Российская Федерация
105 ## - ПОЛЕ КОДИРОВАННЫХ ДАННЫХ: ТЕКСТОВЫЕ МАТЕРИАЛЫ, МОНОГРАФИЧЕСКИЕ
Кодированные данные о монографическом текстовом документе a z |||||
200 1# - ЗАГЛАВИЕ И СВЕДЕНИЯ ОБ ОТВЕТСТВЕННОСТИ
Основное заглавие Похищенный
Сведения, относящиеся к заглавию Роман
Основное заглавие Катриона
Сведения, относящиеся к заглавию (Продолжение романа "Похищенный")
-- Очерк "Творчество Стивенсона" Н. Е. Каратыгиной
-- С 16 рис. Г. Вэйса
Первые сведения об ответственности Р.Л. Стивенсон
210 ## - ПУБЛИКАЦИЯ, РАСПРОСТРАНЕНИЕ И ДР.
Место издания, распространения и т.д. Москва
-- Ленинград
Имя издателя, распространителя и т. д. изд-во "Молодая гвардия"
Дата издания, распространения и т.д. 1930
Место изготовления Ленинград
Имя изготовителя тип. изд-ва "Молодая гвардия"
215 ## - ФИЗИЧЕСКАЯ ХАРАКТЕРИСТИКА
Специфическое обозначение материала и объем 382, [2] с.
Другие сведения о физической характеристике ил.
Размеры 23×15 см
225 1# - СЕРИЯ
Основное заглавие серии Юношеская библиотека иностранных писателей
Сведения, относящиеся к заглавию Под ред. И. Анисимова и С. Динамова
300 ## - ОБЩИЕ ПРИМЕЧАНИЯ
Текст примечания На обороте тит. л.: "Robert Louis Stevenson. (1850-1894). Kidnapped. 1887. Catriona. 1893"
300 ## - ОБЩИЕ ПРИМЕЧАНИЯ
Текст примечания Заставки и концовки: С.Б. Юдовин
300 ## - ОБЩИЕ ПРИМЕЧАНИЯ
Текст примечания В картонном переплете с коленкоровым корешком
300 ## - ОБЩИЕ ПРИМЕЧАНИЯ
Текст примечания Переплет: В. Милашевский
464 #0 - АНАЛИТИЧЕСКИЙ УРОВЕНЬ
Встроенное поле 2001#$aТворчество Стивенсона
-- 700#1$aКаратыгина$bН.Е.$4070
Заглавие Творчество Стивенсона
Автор Каратыгина, Н.Е.
700 #1 - ИМЯ ЛИЦА - ПЕРВИЧНАЯ ОТВЕТСТВЕННОСТЬ
Начальный элемент ввода Стивенсон
Часть имени, кроме начального элемента ввода Р.Л.
Даты 1850-1894
Расширение инициалов личного имени Роберт Луи
702 #1 - ИМЯ ЛИЦА - ВТОРИЧНАЯ ОТВЕТСТВЕННОСТЬ
Начальный элемент ввода Млечин
Код отношения Редактор
702 #1 - ИМЯ ЛИЦА - ВТОРИЧНАЯ ОТВЕТСТВЕННОСТЬ
Начальный элемент ввода Вэйс
Часть имени, кроме начального элемента ввода Г.
Код отношения Иллюстратор
702 #1 - ИМЯ ЛИЦА - ВТОРИЧНАЯ ОТВЕТСТВЕННОСТЬ
Начальный элемент ввода Милашевский
Часть имени, кроме начального элемента ввода В.
Код отношения Прочие
702 #1 - ИМЯ ЛИЦА - ВТОРИЧНАЯ ОТВЕТСТВЕННОСТЬ
Начальный элемент ввода Юдовин
Часть имени, кроме начального элемента ввода С.Б.
Код отношения Прочие
801 #0 - ИСТОЧНИК ЗАПИСИ
Страна Российская Федерация
Организация NLR
Правила каталогизации psbo
801 #1 - ИСТОЧНИК ЗАПИСИ
Страна Российская Федерация
Организация ELAR
Источник данных rusmarc
852 ## - МЕСТОНАХОЖДЕНИЕ И ШИФР ХРАНЕНИЯ
Идентификатор организации NLR
Шифр хранения (Call Number) Дл02 В-5/48
942 ## - ДОПОЛНИТЕЛЬНЫЕ ЭЛЕМЕНТЫ ЗАПИСИ (АБИС)
Тип экземпляра АБИС Книга
980 ## - КОЛЛЕКЦИЯ
Название коллекции Национальная библиография
Экземпляры
Тип экземпляра Дата поступления Библиотека постоянного хранения Библиотека текущего хранения Место хранения Шифр хранения Штрих-код Статус экземпляра
Книга 26.10.2013 РНБ (Садовая) РНБ (Садовая) Русский книжный фонд -Главное здание, Ленинский читальный зал Дл02 В-5/48 7010595-10